[Event "Oberliga Nord O 2122"]
[Site "Germany"]
[Date "2021.10.31"]
[Round "1.8"]
[White "Hoeckendorf, Hartmut"]
[Black "Niehaus, Frank"]
[Result "1-0"]
[WhiteElo "2130"]
[BlackElo "2074"]
[PlyCount "81"]
[EventDate "2021.10.31"]
[EventType "team-tourn"]
[EventRounds "9"]
[EventCountry "GER"]
[SourceTitle "EXT 2023"]
[Source "ChessBase"]
[SourceDate "2022.10.05"]
[SourceVersion "1"]
[SourceVersionDate "2022.10.05"]
[SourceQuality "1"]
[WhiteTeam "Oberschoeneweide"]
[BlackTeam "Koenig Tegel II"]
[WhiteTeamCountry "GER"]
[BlackTeamCountry "GER"]

1. e4 c5 2. Nf3 d6 3. d4 cxd4 4. Qxd4 Nc6 5. Bb5 Bd7 6. Bxc6 Bxc6 7. c4 Nf6 8. Nc3 g6 9. 0-0 Bg7 10. Qd3 0-0 11. Re1 a6 12. Nd4 Nd7 13. Nxc6 bxc6 14. Be3 Qa5 15. Rac1 Ne5 16. Qe2 f5 17. exf5 gxf5 18. f3 Kh8 19. Red1 Ng6 20. f4 Rae8 21. Qf2 Qc7 22. h3 Rg8 23. Kh1 Ref8 24. b4 Rb8 25. a3 Bf6 26. Bd4 e5 27. fxe5 dxe5 28. Bc5 Qg7 29. Ne2 f4 30. Rc2 Nh4 31. Nc3 Qh6 32. Qf1 Nxg2 33. Rxg2 Qxh3+ 34. Rh2 Qxc3 35. Rd3 Qxd3 36. Qxd3 Rg7 37. Qe4 Rbg8 38. Bf2 Rg6 39. Qxc6 Bh4 40. Qc7 Bxf2 41. Qxh7# 1-0

[Event "Oberliga Nord O 1415"]
[Site "Germany"]
[Date "2015.03.15"]
[Round "8.4"]
[White "Grottke, Hans Joachim"]
[Black "Hoeckendorf, Hartmut"]
[Result "1-0"]
[WhiteElo "2223"]
[BlackElo "2127"]
[PlyCount "51"]
[EventDate "2014.09.21"]
[EventType "team-tourn"]
[EventRounds "9"]
[EventCountry "GER"]
[SourceTitle "EXT 2016"]
[Source "ChessBase"]
[SourceDate "2015.10.08"]
[SourceVersion "1"]
[SourceVersionDate "2015.10.08"]
[SourceQuality "1"]
[WhiteTeam "Potsdam Empor"]
[BlackTeam "Fuerstenwalde"]
[WhiteTeamCountry "GER"]
[BlackTeamCountry "GER"]

1. e4 e5 2. Nf3 Nc6 3. Nc3 g6 4. d4 exd4 5. Nxd4 Bg7 6. Be3 Nge7 7. Be2 d6 8. Qd2 a6 9. 0-0 0-0 10. Rad1 Nxd4 11. Bxd4 Bxd4 12. Qxd4 Nc6 13. Qe3 Kg7 14. f4 Re8 15. Qg3 f5 16. e5 Be6 17. exd6 cxd6 18. Qf2 Qe7 19. Bf3 Rad8 20. Rfe1 Qc7 21. Rd2 b5 22. a3 Bc4 23. Red1 d5 24. b3 d4 25. Bxc6 dxc3 26. Rd7+ 1-0

[Event "Oberliga Nord O 1415"]
[Site "Germany"]
[Date "2014.10.19"]
[Round "2.4"]
[White "Hoeckendorf, Hartmut"]
[Black "Cusnariov, Nikolai"]
[Result "1-0"]
[WhiteElo "2127"]
[BlackElo "2169"]
[PlyCount "52"]
[EventDate "2014.09.21"]
[EventType "team-tourn"]
[EventRounds "9"]
[EventCountry "GER"]
[SourceTitle "EXT 2016"]
[Source "ChessBase"]
[SourceDate "2015.10.08"]
[SourceVersion "1"]
[SourceVersionDate "2015.10.08"]
[SourceQuality "1"]
[WhiteTeam "Fuerstenwalde"]
[BlackTeam "Potsdam USV"]
[WhiteTeamCountry "GER"]
[BlackTeamCountry "GER"]

1. e4 e5 2. Nc3 Nf6 3. g3 Nc6 4. Bg2 Bc5 5. h3 a6 6. Nge2 d6 7. d3 0-0 8. 0-0 Nd4 9. Nxd4 Bxd4 10. Ne2 Bb6 11. Kh2 d5 12. exd5 Nxd5 13. Bd2 c6 14. c4 Nf6 15. Bc3 Re8 16. d4 exd4 17. Bxd4 Bf5 18. c5 Bc7 19. Nc3 Be5 20. Bxe5 Rxe5 21. Qxd8+ Rxd8 22. Rfd1 Ree8 23. b4 Be6 24. a4 Nd5 25. Ne4 Nxb4 26. Nd6 Rd7 1-0

[Event "Berlin-ch Seniors op 30th"]
[Site "Berlin"]
[Date "2014.02.04"]
[Round "6"]
[White "Scheide, Helmut"]
[Black "Hoeckendorf, Hartmut"]
[Result "1/2-1/2"]
[WhiteElo "1835"]
[BlackElo "2085"]
[PlyCount "35"]
[EventDate "2014.01.30"]
[EventType "swiss"]
[EventRounds "9"]
[EventCountry "GER"]
[SourceTitle "EXT 2018"]
[Source "ChessBase"]
[SourceDate "2017.10.13"]
[SourceVersion "1"]
[SourceVersionDate "2017.10.13"]
[SourceQuality "1"]

1. Nf3 Nf6 2. d4 c5 3. e3 g6 4. Be2 Bg7 5. 0-0 b6 6. c4 0-0 7. Nc3 cxd4 8. exd4 Bb7 9. d5 d6 10. h3 Nbd7 11. Be3 Nc5 12. Nd4 Rc8 13. Rc1 a6 14. Bf3 Rc7 15. b4 Ncd7 16. Nc6 Qe8 17. a4 e5 18. b5 1/2-1/2

[Event "Berlin Lichtenberger op 12th"]
[Site "Berlin"]
[Date "2013.08.21"]
[Round "5"]
[White "Hoeckendorf, Hartmut"]
[Black "Schubert, Joachim"]
[Result "1-0"]
[WhiteElo "2194"]
[BlackElo "1814"]
[PlyCount "163"]
[EventDate "2013.08.17"]
[EventType "swiss"]
[EventRounds "9"]
[EventCountry "GER"]
[SourceTitle "CBM 156 Extra"]
[Source "ChessBase"]
[SourceDate "2013.10.22"]
[SourceVersion "1"]
[SourceVersionDate "2013.10.22"]
[SourceQuality "1"]

1. e4 c5 2. Nf3 Nc6 3. Bb5 g6 4. 0-0 Bg7 5. c3 e6 6. Re1 Nge7 7. a4 0-0 8. Na3 a6 9. Bf1 Qc7 10. g3 d5 11. Bg2 Rd8 12. exd5 exd5 13. d3 Bd7 14. Bf4 Qc8 15. Bd6 Re8 16. Bxc5 Nf5 17. Rxe8+ Bxe8 18. d4 Qd8 19. Nb1 Qf6 20. Nbd2 Bd7 21. Qb3 Nd8 22. Qxd5 Bc6 23. Qe5 Ne6 24. Qxf6 Bxf6 25. Nb3 Rb8 26. Nfd2 Be8 27. Ne4 Bg7 28. a5 Nxc5 29. Nbxc5 Bb5 30. Bf1 Bc6 31. Bc4 Rd8 32. Re1 h6 33. Nd3 Bxe4 34. Rxe4 Nd6 35. Bd5 Nxe4 36. Bxe4 Bxd4 37. cxd4 Rxd4 38. Nc5 Rc4 39. b4 Rxb4 40. Bf3 Rb5 41. Nxb7 Kf8 42. Kf1 Ke7 43. Bc6 Rb2 44. Bf3 f5 45. h4 Kf6 46. Nc5 Rb5 47. Nxa6 Rxa5 48. Nb4 Re5 49. Nd5+ Kg7 50. Bg2 Re8 51. Ne3 Kf6 52. Bh3 Ke5 53. h5 gxh5 54. Nxf5 Rh8 55. Ng7 h4 56. gxh4 Kf4 57. Ne6+ Kf3 58. Nd4+ Ke4 59. Ne2 Kf3 60. Ng1+ Kf4 61. Bd7 Rd8 62. Bh3 Rd1+ 63. Kg2 Rd2 64. Bc8 Rd8 65. Ne2+ Ke5 66. Bg4 Ke4 67. h5 Rd2 68. Ng3+ Kf4 69. Bf5 Ra2 70. Bg6 Rb2 71. Nf5 Kg5 72. Nd6 Kf6 73. Kg3 Ra2 74. f4 Ra1 75. Ne4+ Ke7 76. f5 Kf8 77. Kf4 Ra5 78. f6 Rd5 79. Ng3 Ra5 80. Nf5 Ra3 81. Nd4 Ra6 82. Ke5 1-0

[Event "Berlin Lichtenberger op 12th"]
[Site "Berlin"]
[Date "2013.08.19"]
[Round "3"]
[White "Junge, Wolfgang"]
[Black "Hoeckendorf, Hartmut"]
[Result "1/2-1/2"]
[WhiteElo "1819"]
[BlackElo "2194"]
[PlyCount "66"]
[EventDate "2013.08.17"]
[EventType "swiss"]
[EventRounds "9"]
[EventCountry "GER"]
[SourceTitle "CBM 156 Extra"]
[Source "ChessBase"]
[SourceDate "2013.10.22"]
[SourceVersion "1"]
[SourceVersionDate "2013.10.22"]
[SourceQuality "1"]

1. d4 Nf6 2. c4 Nc6 3. Nc3 e5 4. dxe5 Nxe5 5. e3 Bb4 6. Bd2 a5 7. Nf3 d6 8. Nxe5 dxe5 9. a3 Be7 10. Qf3 Bg4 11. Qg3 0-0 12. Qxe5 Bd6 13. Qd4 c5 14. Qd3 Qb8 15. Ne4 Be5 16. Nxf6+ Bxf6 17. Bc3 Rd8 18. Qc2 Ra6 19. h3 Bh5 20. Bd3 Bxc3+ 21. bxc3 Rh6 22. Be2 Bg6 23. Qb2 Be4 24. Bf3 Qe5 25. Rd1 Rxd1+ 26. Kxd1 Rd6+ 27. Kc1 Rb6 28. Rd1 Qc7 29. Rd7 Qxd7 30. Qxb6 Bxf3 31. gxf3 Qd3 32. Qxa5 Qf1+ 33. Kb2 Qe2+ 1/2-1/2

[Event "Berlin Lichtenberger op 11th"]
[Site "Berlin"]
[Date "2012.08.19"]
[Round "2"]
[White "Hoeckendorf, Hartmut"]
[Black "Reiche, Henry"]
[Result "1-0"]
[WhiteElo "2185"]
[BlackElo "2004"]
[PlyCount "83"]
[EventDate "2012.08.18"]
[EventType "swiss"]
[EventRounds "9"]
[EventCountry "GER"]
[SourceTitle "CBM 150 Extra"]
[Source "ChessBase"]
[SourceDate "2012.10.19"]
[SourceVersion "1"]
[SourceVersionDate "2012.10.19"]
[SourceQuality "1"]

1. e4 e6 2. d4 d5 3. Nc3 Nf6 4. e5 Nfd7 5. Nf3 Be7 6. Bf4 a6 7. h4 c5 8. dxc5 Bxc5 9. Bd3 Nc6 10. a3 b5 11. b4 Be7 12. Qe2 Bb7 13. Rb1 Rc8 14. Rb3 Qb6 15. 0-0 Nd4 16. Nxd4 Qxd4 17. Qd2 Qb6 18. h5 h6 19. Re1 Qd8 20. Qe2 Bg5 21. Bh2 0-0 22. f4 Qb6+ 23. Kh1 Bh4 24. Rd1 Qf2 25. Qg4 Be7 26. Bg3 Qb6 27. Re1 Rfd8 28. Re2 Rc4 29. Nd1 Qd4 30. Nb2 Nxe5 31. Rxe5 Qxe5 32. Bxc4 Qf6 33. Bd3 d4 34. Nd1 Bd5 35. Rb1 Bc4 36. Nf2 Bd5 37. Ne4 Bxe4 38. Bxe4 Rc8 39. Be1 Rc7 40. Bd2 Kf8 41. Bd3 Rd7 42. Be4 1-0

[Event "Berlin Lichtenberger op 9th"]
[Site "Berlin"]
[Date "2010.08.10"]
[Round "4"]
[White "Hoeckendorf, Hartmut"]
[Black "Welz, Peter"]
[Result "1-0"]
[WhiteElo "2232"]
[BlackElo "2162"]
[PlyCount "117"]
[EventDate "2010.08.07"]
[EventType "swiss"]
[EventRounds "9"]
[EventCountry "GER"]
[SourceTitle "CBM 137 Extra"]
[Source "ChessBase"]
[SourceDate "2010.09.01"]
[SourceVersion "1"]
[SourceVersionDate "2010.09.01"]
[SourceQuality "1"]

1. e4 e6 2. d4 d5 3. Nc3 Bb4 4. Bd3 dxe4 5. Bxe4 Nf6 6. Bf3 c5 7. a3 Ba5 8. dxc5 Qxd1+ 9. Bxd1 Bxc3+ 10. bxc3 Ne4 11. Bf3 Nxc5 12. Bf4 f5 13. Nh3 h6 14. Bh5+ Ke7 15. 0-0-0 Nbd7 16. g4 e5 17. Rhe1 fxg4 18. Bxg4 Kf7 19. Bg3 g5 20. Bh5+ Kg7 21. Rd6 Rf8 22. f4 Nf6 23. fxg5 Nxh5 24. Bxe5+ Kf7 25. Rf1+ Ke7 26. Rxf8 Kxf8 27. Rxh6 Ng7 28. Bd6+ Kf7 29. Bxc5 Bxh3 30. Rxh3 Kg6 31. Be3 Nh5 32. Rh4 b6 33. Rd4 Ng7 34. Rd7 Nf5 35. Bf4 Rc8 36. Rxa7 Rxc3 37. Bd2 Rc6 38. Rd7 Kh5 39. Kb2 Kg4 40. Rd3 Nd6 41. Rg3+ Kh5 42. Bf4 Ne4 43. Rg1 b5 44. g6 Rxg6 45. Rxg6 Kxg6 46. Kb3 Nf6 47. c4 bxc4+ 48. Kxc4 Kf5 49. Bg3 Ke6 50. a4 Kd7 51. h4 Kc6 52. Bf2 Kb7 53. Kb5 Nh5 54. a5 Nf4 55. a6+ Ka8 56. Kc6 Ng6 57. h5 Ne5+ 58. Kd5 Ng4 59. Bd4 1-0

[Event "Oberliga Nord O 0506"]
[Site "Germany"]
[Date "2006.02.19"]
[Round "7.2"]
[White "Hoeckendorf, Hartmut"]
[Black "Apel, Stefan"]
[Result "1/2-1/2"]
[WhiteElo "2284"]
[BlackElo "2337"]
[PlyCount "23"]
[EventDate "2005.10.23"]
[EventType "team-tourn"]
[EventRounds "9"]
[EventCountry "GER"]
[SourceTitle "EXT 2007"]
[Source "ChessBase"]
[SourceDate "2006.11.23"]
[SourceVersion "1"]
[SourceVersionDate "2006.11.23"]
[SourceQuality "1"]
[WhiteTeam "Oberschoeneweide"]
[BlackTeam "Berlin Empor"]
[WhiteTeamCountry "GER"]
[BlackTeamCountry "GER"]

1. e4 c5 2. Nf3 Nc6 3. c4 Nf6 4. Nc3 e6 5. Be2 d5 6. exd5 exd5 7. d4 Be6 8. Bg5 cxd4 9. Nxd4 Nxd4 10. Qxd4 dxc4 11. Qh4 Be7 12. Bxc4 1/2-1/2

[Event "Oberliga Nord O 0506"]
[Site "Germany"]
[Date "2006.01.29"]
[Round "6.3"]
[White "Hoeckendorf, Hartmut"]
[Black "Becker, Walter"]
[Result "0-1"]
[WhiteElo "2284"]
[BlackElo "2333"]
[PlyCount "50"]
[EventDate "2005.10.23"]
[EventType "team-tourn"]
[EventRounds "9"]
[EventCountry "GER"]
[SourceTitle "EXT 2007"]
[Source "ChessBase"]
[SourceDate "2006.11.23"]
[SourceVersion "1"]
[SourceVersionDate "2006.11.23"]
[SourceQuality "1"]
[WhiteTeam "Oberschoeneweide"]
[BlackTeam "Lasker Steglitz"]
[WhiteTeamCountry "GER"]
[BlackTeamCountry "GER"]

1. e4 d5 2. exd5 Nf6 3. d4 Bg4 4. Nf3 Qxd5 5. Be2 e6 6. c4 Qd7 7. 0-0 Nc6 8. Be3 0-0-0 9. Nc3 Bxf3 10. Bxf3 Nxd4 11. Bxd4 Qxd4 12. Qb3 Qb6 13. Qc2 c6 14. b4 Qxb4 15. Rab1 Qxc4 16. Qb2 Rd7 17. Rfc1 Kb8 18. Ne2 Qb5 19. Qa1 Qa5 20. Bxc6 Ba3 21. Rc3 Rc7 22. Rb5 Qa6 23. Nd4 Rhc8 24. Bxb7 Rxb7 25. Rxb7+ Kxb7 0-1

[Event "Oberliga Nord O 0506"]
[Site "Germany"]
[Date "2005.10.23"]
[Round "1.3"]
[White "Hoeckendorf, Hartmut"]
[Black "Pfeffer, Ruprecht"]
[Result "1-0"]
[WhiteElo "2284"]
[BlackElo "2172"]
[PlyCount "91"]
[EventDate "2005.10.23"]
[EventType "team-tourn"]
[EventRounds "9"]
[EventCountry "GER"]
[SourceTitle "EXT 2007"]
[Source "ChessBase"]
[SourceDate "2006.11.23"]
[SourceVersion "1"]
[SourceVersionDate "2006.11.23"]
[SourceQuality "1"]
[WhiteTeam "Oberschoeneweide"]
[BlackTeam "Frankfurt Preussen"]
[WhiteTeamCountry "GER"]
[BlackTeamCountry "GER"]

1. e4 c5 2. Nf3 e6 3. c4 Nc6 4. Nc3 d6 5. g3 Nge7 6. Bg2 Nd4 7. Nxd4 cxd4 8. Ne2 Nc6 9. 0-0 g6 10. b4 Bg7 11. Rb1 0-0 12. Nf4 Bd7 13. Qb3 Rc8 14. Bb2 a6 15. a4 b5 16. cxb5 axb5 17. a5 Nb8 18. Rfc1 Na6 19. Rxc8 Qxc8 20. Rc1 Qb8 21. Nd3 Rc8 22. Bf1 Rxc1 23. Nxc1 Qb7 24. d3 e5 25. Ba3 Qc6 26. Ne2 Be6 27. Qb1 Bg4 28. Kg2 d5 29. exd5 Qxd5+ 30. Kg1 Bf3 31. Nc1 Bf8 32. Nb3 f5 33. Qa2 Nxb4 34. Qb2 Na6 35. Bxf8 Kxf8 36. Nd2 b4 37. h4 Qc5 38. Nxf3 Qc3 39. Qa2 b3 40. Qa3+ Nb4 41. a6 b2 42. Qxc3 dxc3 43. a7 b1Q 44. a8Q+ Kg7 45. Qa7+ Kf6 46. Qb6+ 1-0

[Event "Oberliga Nord O 0405"]
[Site "Germany"]
[Date "2004.12.12"]
[Round "4.2"]
[White "Hoeckendorf, Hartmut"]
[Black "Trenner, Rolf"]
[Result "1-0"]
[WhiteElo "2246"]
[BlackElo "2280"]
[PlyCount "81"]
[EventDate "2004.10.24"]
[EventType "team-tourn"]
[EventRounds "9"]
[EventCountry "GER"]
[SourceTitle "EXT 2006"]
[Source "ChessBase"]
[SourceDate "2005.11.24"]
[SourceVersion "1"]
[SourceVersionDate "2005.11.24"]
[SourceQuality "1"]
[WhiteTeam "Oberschoeneweide"]
[BlackTeam "Potsdam Empor"]
[WhiteTeamCountry "GER"]
[BlackTeamCountry "GER"]

1. e4 c6 2. Nc3 d5 3. Nf3 g6 4. h3 Bg7 5. d4 dxe4 6. Nxe4 Nd7 7. Bd3 Ngf6 8. Nxf6+ Nxf6 9. 0-0 0-0 10. Re1 Qc7 11. Qe2 e6 12. Ne5 Nd7 13. Bf4 Nxe5 14. Bxe5 Bxe5 15. Qxe5 Qb6 16. Qf6 Qxb2 17. Rab1 Qxa2 18. h4 Qd5 19. Re3 Qd8 20. Qf4 b5 21. h5 f5 22. hxg6 hxg6 23. Rh3 Qe7 24. Qe5 Qg7 25. Qd6 Bd7 26. Re1 Rae8 27. c3 a5 28. Bb1 Re7 29. Ba2 Rfe8 30. Qf4 a4 31. Ree3 Kf7 32. Qh2 Qf6 33. Rh7+ Kg8 34. Rh6 Rc8 35. Reh3 Rg7 36. Rh8+ Kf7 37. Rxc8 Bxc8 38. Qc7+ Qe7 39. Qxc8 Kf6 40. Qxc6 Qd7 41. Qc5 1-0

[Event "Oberliga Nord O 0405"]
[Site "Germany"]
[Date "2004.11.28"]
[Round "3.2"]
[White "Berger, Steve"]
[Black "Hoeckendorf, Hartmut"]
[Result "1-0"]
[WhiteElo "2373"]
[BlackElo "2246"]
[PlyCount "75"]
[EventDate "2004.10.24"]
[EventType "team-tourn"]
[EventRounds "9"]
[EventCountry "GER"]
[SourceTitle "EXT 2006"]
[Source "ChessBase"]
[SourceDate "2005.11.24"]
[SourceVersion "1"]
[SourceVersionDate "2005.11.24"]
[SourceQuality "1"]
[WhiteTeam "Ruedersdorf"]
[BlackTeam "Oberschoeneweide"]
[WhiteTeamCountry "GER"]
[BlackTeamCountry "GER"]

1. e4 c5 2. Nf3 d6 3. d4 cxd4 4. Qxd4 Bd7 5. Nc3 Nc6 6. Qd2 g6 7. Bd3 Bg7 8. b3 Rc8 9. Bb2 Nf6 10. h3 b5 11. 0-0-0 Nb4 12. Kb1 Qa5 13. a3 Nxd3 14. Qxd3 0-0 15. g4 Bc6 16. Nd4 Bb7 17. Rhe1 b4 18. axb4 Qxb4 19. g5 Nd7 20. Nd5 Bxd5 21. exd5 Nc5 22. Qb5 Qxb5 23. Nxb5 a6 24. Bxg7 Kxg7 25. Nd4 Rc7 26. Re3 Rb8 27. Ka2 e5 28. dxe6 fxe6 29. Rxe6 Rf7 30. Re2 a5 31. Ka3 Rb6 32. Rdd2 d5 33. f3 Rfb7 34. Re3 a4 35. Rde2 Kf7 36. b4 Nb3 37. cxb3 Rxb4 38. Re7+ 1-0

[Event "Oberliga Nord O 0304"]
[Site "Germany"]
[Date "2004.02.15"]
[Round "6.7"]
[White "Kunze, Kerstin"]
[Black "Hoeckendorf, Hartmut"]
[Result "1/2-1/2"]
[WhiteElo "2173"]
[BlackElo "2237"]
[PlyCount "61"]
[EventDate "2003.10.12"]
[EventType "team-tourn"]
[EventRounds "9"]
[EventCountry "GER"]
[SourceTitle "EXT 2005"]
[Source "ChessBase"]
[SourceDate "2004.11.15"]
[SourceVersion "1"]
[SourceVersionDate "2004.11.15"]
[SourceQuality "1"]
[WhiteTeam "Cottbus"]
[BlackTeam "Oberschoeneweide"]
[WhiteTeamCountry "GER"]
[BlackTeamCountry "GER"]

1. e4 c5 2. Nf3 d6 3. d4 cxd4 4. Qxd4 Nc6 5. Bb5 Bd7 6. Bxc6 Bxc6 7. c4 f5 8. Nc3 fxe4 9. Ng5 e5 10. Qe3 Nf6 11. 0-0 Qd7 12. Ngxe4 Be7 13. Qe2 0-0 14. Nxf6+ Rxf6 15. Nd5 Re6 16. Qg4 Rf8 17. Be3 Bd8 18. Bxa7 b5 19. Be3 bxc4 20. Rfd1 Qf7 21. Qxc4 Ba8 22. b4 Kh8 23. a4 Rg6 24. Qe4 Qe6 25. Rac1 Rg4 26. Nf4 Rgxf4 27. Qxa8 Rxb4 28. Rc8 Rxa4 29. Qb8 Rb4 30. Qxb4 Qxc8 31. Qxd6 1/2-1/2

[Event "Oberliga Nord O 0304"]
[Site "Germany"]
[Date "2004.01.18"]
[Round "5.7"]
[White "Hoeckendorf, Hartmut"]
[Black "Sydow, Hardy"]
[Result "1/2-1/2"]
[WhiteElo "2237"]
[BlackElo "2164"]
[PlyCount "83"]
[EventDate "2003.10.12"]
[EventType "team-tourn"]
[EventRounds "9"]
[EventCountry "GER"]
[SourceTitle "EXT 2005"]
[Source "ChessBase"]
[SourceDate "2004.11.15"]
[SourceVersion "1"]
[SourceVersionDate "2004.11.15"]
[SourceQuality "1"]
[WhiteTeam "Oberschoeneweide"]
[BlackTeam "Schwedt"]
[WhiteTeamCountry "GER"]
[BlackTeamCountry "GER"]

1. e4 e5 2. Nc3 Nf6 3. Bc4 Bc5 4. d3 h6 5. f4 d6 6. f5 c6 7. Qf3 Bb4 8. Bd2 Nbd7 9. a3 Bxc3 10. Bxc3 b5 11. Ba2 Bb7 12. Ne2 d5 13. exd5 cxd5 14. Qg3 0-0 15. 0-0 a5 16. Rae1 Re8 17. Kh1 Rc8 18. Bd2 Kh8 19. Qh3 Rxc2 20. Bc1 b4 21. Bb3 Rc8 22. Ba4 Rg8 23. axb4 axb4 24. d4 exd4 25. Bxd7 Qxd7 26. Nxd4 Rce8 27. Rd1 Re4 28. Rf4 Qe7 29. Nf3 Re8 30. Qh4 Kg8 31. h3 Rxf4 32. Bxf4 Qd7 33. Bxh6 Qxf5 34. Nd4 Qe5 35. Bf4 Qe4 36. Qg5 Qg6 37. Qxg6 fxg6 38. Rd2 Ne4 39. Rc2 Re7 40. Nf3 Rd7 41. Ne5 Re7 42. Nxg6 1/2-1/2

[Event "Oberliga Nord O 0304"]
[Site "Germany"]
[Date "2003.10.12"]
[Round "1.6"]
[White "Hoeckendorf, Hartmut"]
[Black "Stippekohl, Peter"]
[Result "1-0"]
[WhiteElo "2237"]
[BlackElo "2179"]
[PlyCount "77"]
[EventDate "2003.10.12"]
[EventType "team-tourn"]
[EventRounds "9"]
[EventCountry "GER"]
[SourceTitle "EXT 2005"]
[Source "ChessBase"]
[SourceDate "2004.11.15"]
[SourceVersion "1"]
[SourceVersionDate "2004.11.15"]
[SourceQuality "1"]
[WhiteTeam "Oberschoeneweide"]
[BlackTeam "Rehberge"]
[WhiteTeamCountry "GER"]
[BlackTeamCountry "GER"]

1. Nf3 Nf6 2. g3 d5 3. Bg2 Bf5 4. 0-0 e6 5. d3 h6 6. c4 c6 7. b3 Be7 8. Bb2 Nbd7 9. Nbd2 0-0 10. Rc1 a5 11. cxd5 exd5 12. Nd4 Bh7 13. a4 Re8 14. Rc2 Bd6 15. N2f3 Ne5 16. Nxe5 Bxe5 17. Bh3 Qb6 18. Qa1 Rad8 19. Rfc1 Nd7 20. Nf3 Bxb2 21. Qxb2 Nb8 22. Qd4 Qxd4 23. Nxd4 Na6 24. Kf1 Kf8 25. Rd2 c5 26. Nc2 b6 27. Ne3 d4 28. Nc4 Rb8 29. Na3 Re7 30. Bg2 Nc7 31. Nc4 Bf5 32. e4 dxe3 33. fxe3 Na6 34. d4 cxd4 35. exd4 Nb4 36. Rc3 f6 37. d5 Rd7 38. Kf2 Rdd8 39. Bf3 1-0

[Event "Oberliga Nord O 0203"]
[Site "Germany"]
[Date "2002.10.20"]
[Round "1.5"]
[White "Hoeckendorf, Hartmut"]
[Black "Kauschmann, Herbert"]
[Result "1/2-1/2"]
[WhiteElo "2239"]
[BlackElo "2173"]
[PlyCount "64"]
[EventDate "2002.10.20"]
[EventType "team"]
[EventRounds "9"]
[EventCountry "GER"]
[SourceTitle "EXT 2009"]
[Source "ChessBase"]
[SourceDate "2008.11.26"]
[SourceVersion "1"]
[SourceVersionDate "2008.11.26"]
[SourceQuality "1"]
[WhiteTeam "Oberschoeneweide"]
[BlackTeam "Rehberge "]
[WhiteTeamCountry "GER"]
[BlackTeamCountry "GER"]

1. e4 d6 2. d4 Nf6 3. Nc3 c6 4. a4 Qc7 5. h3 e5 6. Nf3 Be7 7. Bc4 0-0 8. 0-0 b6 9. Qe2 a6 10. d5 Bb7 11. Bg5 c5 12. Ra3 Ne8 13. Bc1 Nd7 14. Nd1 g6 15. Bh6 Ng7 16. Ne3 Nf6 17. Ng4 Kh8 18. Re1 Ng8 19. Bd2 Qd8 20. Bc3 f6 21. Raa1 Nh5 22. g3 Re8 23. Ne3 Bf8 24. Kh2 Bc8 25. Nh4 Nh6 26. Ng4 Nf7 27. Ne3 Be7 28. Rg1 Qd7 29. Qg4 Qc7 30. Qe2 Qd7 31. Qg4 Qc7 32. Qe2 Qd7 1/2-1/2